[Event "SLO-chT 33rd"]
[Site "Slovenia"]
[Date "2023.10.14"]
[Round "5.2"]
[White "Podkriznik, Gregor"]
[Black "Amon, Nejc"]
[Result "1-0"]
[WhiteElo "2413"]
[BlackElo "2311"]
[PlyCount "65"]
[EventDate "2023.09.22"]
[EventType "team-tourn"]
[EventRounds "9"]
[EventCountry "SLO"]
[SourceTitle "CBM 216 Extra"]
[Source "ChessBase"]
[SourceDate "2023.11.30"]
[SourceVersion "1"]
[SourceVersionDate "2023.11.30"]
[SourceQuality "1"]
[WhiteTeam "Ptuj"]
[BlackTeam "Zalec"]
[WhiteTeamCountry "SLO"]
[BlackTeamCountry "SVK"]

1. d4 Nf6 2. c4 e6 3. Nc3 Bb4 4. e3 0-0 5. Bd3 d5 6. a3 Bxc3+ 7. bxc3 c5 8. cxd5 exd5 9. Ne2 b6 10. 0-0 Ba6 11. Ng3 Re8 12. f3 Bxd3 13. Qxd3 Nc6 14. Bb2 Qd7 15. e4 dxe4 16. fxe4 Qg4 17. e5 Nd5 18. Rae1 cxd4 19. cxd4 Re6 20. Re4 Qg6 21. Qf3 Rf8 22. Nf5 Nde7 23. Nh4 Qg5 24. Bc1 Nxd4 25. Qd1 Rxe5 26. Bxg5 Rxe4 27. Bxe7 Ne2+ 28. Kh1 Rxe7 29. Nf5 Re5 30. Qd7 Nf4 31. Ne7+ Kh8 32. g3 Ne6 33. Nc6 1-0

[Event "SLO-chT 33rd"]
[Site "Slovenia"]
[Date "2023.09.23"]
[Round "2.1"]
[White "Podkriznik, Gregor"]
[Black "Tomazini, Zan"]
[Result "1/2-1/2"]
[WhiteElo "2413"]
[BlackElo "2336"]
[PlyCount "61"]
[EventDate "2023.09.22"]
[EventType "team-tourn"]
[EventRounds "9"]
[EventCountry "SLO"]
[SourceTitle "CBM 216 Extra"]
[Source "ChessBase"]
[SourceDate "2023.11.30"]
[SourceVersion "1"]
[SourceVersionDate "2023.11.30"]
[SourceQuality "1"]
[WhiteTeam "Ptuj"]
[BlackTeam "Slovenska Bistrica"]
[WhiteTeamCountry "SLO"]
[BlackTeamCountry "SLO"]

1. Nf3 Nf6 2. c4 c5 3. Nc3 g6 4. g3 Bg7 5. Bg2 0-0 6. 0-0 Nc6 7. d3 a6 8. Be3 d6 9. Qc1 Rb8 10. Bh6 b5 11. Bxg7 Kxg7 12. b3 Bd7 13. Rd1 Nd4 14. e3 Nxf3+ 15. Bxf3 Qc7 16. Qb2 Kg8 17. Rac1 Bc6 18. Qe2 Qb7 19. Bxc6 Qxc6 20. e4 e5 21. Rf1 b4 22. Nd5 Nxd5 23. cxd5 Qb6 24. Kg2 f5 25. f3 Rbe8 26. Qd2 Qb7 27. Rf2 Qe7 28. a4 Rf7 29. Qh6 Qf8 30. Qxf8+ Rexf8 31. Rcf1 1/2-1/2

[Event "SLO-chT 32nd"]
[Site "Ljubljana"]
[Date "2022.09.10"]
[Round "5.3"]
[White "Stajner, Samo"]
[Black "Podkriznik, Gregor"]
[Result "0-1"]
[WhiteElo "2364"]
[BlackElo "2401"]
[PlyCount "60"]
[EventDate "2022.09.02"]
[EventType "team-tourn"]
[EventRounds "9"]
[EventCountry "SLO"]
[SourceTitle "EXT 2023"]
[Source "ChessBase"]
[SourceDate "2022.10.05"]
[SourceVersion "1"]
[SourceVersionDate "2022.10.05"]
[SourceQuality "1"]
[WhiteTeam "Krsko Triglav"]
[BlackTeam "Ptuj"]
[WhiteTeamCountry "SLO"]
[BlackTeamCountry "SLO"]

1. e4 e5 2. Nf3 Nc6 3. d4 exd4 4. Nxd4 Nf6 5. Nxc6 bxc6 6. e5 Qe7 7. Qe2 Nd5 8. c4 Nb6 9. b3 Bb7 10. Bb2 0-0-0 11. Nd2 g6 12. a4 a5 13. g3 Bg7 14. f4 Rhe8 15. 0-0-0 d6 16. Bh3+ Kb8 17. c5 Nd5 18. cxd6 cxd6 19. Nc4 dxe5 20. fxe5 Ba6 21. Rhf1 Bh6+ 22. Kb1 Ne3 23. Rxd8+ Rxd8 24. e6 Bxc4 25. bxc4 Qb4 26. Rxf7 Rd2 27. Qxd2 Qxd2 28. e7 Qd3+ 29. Ka1 Nc2+ 30. Kb1 Nb4+ 0-1

[Event "SLO-chT 32nd"]
[Site "Ljubljana"]
[Date "2022.09.04"]
[Round "3.4"]
[White "Guid, Matej"]
[Black "Podkriznik, Gregor"]
[Result "0-1"]
[WhiteElo "2292"]
[BlackElo "2401"]
[PlyCount "132"]
[EventDate "2022.09.02"]
[EventType "team-tourn"]
[EventRounds "9"]
[EventCountry "SLO"]
[SourceTitle "EXT 2023"]
[Source "ChessBase"]
[SourceDate "2022.10.05"]
[SourceVersion "1"]
[SourceVersionDate "2022.10.05"]
[SourceQuality "1"]
[WhiteTeam "Trebnje BMP"]
[BlackTeam "Ptuj"]
[WhiteTeamCountry "SLO"]
[BlackTeamCountry "SLO"]

1. e4 e5 2. Bc4 Nf6 3. d3 c6 4. Nf3 Be7 5. 0-0 d6 6. Re1 0-0 7. Bb3 Nbd7 8. c3 Nc5 9. Bc2 Bg4 10. Nbd2 Ne6 11. h3 Bh5 12. Nf1 Nd7 13. Ng3 Bxf3 14. Qxf3 g6 15. Bh6 Re8 16. Rad1 Bg5 17. Bxg5 Qxg5 18. d4 Nf6 19. Bb3 Nf4 20. Ne2 Nxe2+ 21. Rxe2 Rad8 22. g3 Kg7 23. Re3 h5 24. dxe5 dxe5 25. Red3 Rxd3 26. Rxd3 Re7 27. Qe3 Qxe3 28. Rxe3 Rd7 29. Re2 h4 30. Kg2 Nh5 31. Bc2 Kf6 32. Kf3 Kg5 33. Kg2 Rd6 34. Kf3 Rf6+ 35. Kg2 Rd6 36. Kf3 a5 37. Kg2 b5 38. a3 c5 39. Kf3 Rf6+ 40. Kg2 Rd6 41. Kf3 f6 42. Kg2 b4 43. axb4 axb4 44. cxb4 cxb4 45. Kh2 Rd4 46. Kg2 b3 47. Bxb3 hxg3 48. fxg3 Nxg3 49. Kxg3 Rd3+ 50. Kh2 Rxb3 51. Rg2+ Kh6 52. Rf2 Kg7 53. Rc2 f5 54. exf5 gxf5 55. Rc6 f4 56. h4 e4 57. Rc4 Rxb2+ 58. Kg1 Re2 59. Rc6 f3 60. h5 e3 61. Rg6+ Kh7 62. Rf6 Re1+ 63. Kh2 f2 64. Kg2 Rg1+ 65. Kh2 f1Q 66. Rh6+ Kg7 0-1

[Event "SLO-chT 29th"]
[Site "Slovenia"]
[Date "2019.12.21"]
[Round "8.2"]
[White "Podkriznik, Gregor"]
[Black "Janzelj, Lara"]
[Result "1-0"]
[WhiteElo "2408"]
[BlackElo "2159"]
[PlyCount "83"]
[EventDate "2019.09.06"]
[EventType "team-tourn"]
[EventRounds "9"]
[EventCountry "SLO"]
[SourceTitle "CBM 195 Extra"]
[Source "ChessBase"]
[SourceDate "2020.05.31"]
[SourceVersion "1"]
[SourceVersionDate "2020.05.31"]
[SourceQuality "1"]
[WhiteTeam "Slovenska Bistrica Impol"]
[BlackTeam "Ig"]
[WhiteTeamCountry "SLO"]
[BlackTeamCountry "SLO"]

1. c4 c6 2. Nf3 d5 3. e3 Nf6 4. Nc3 a6 5. Qc2 dxc4 6. Bxc4 b5 7. Be2 e6 8. 0-0 Bb7 9. a4 Nbd7 10. e4 b4 11. Nb1 c5 12. d3 Bd6 13. Nbd2 0-0 14. Nc4 Bc7 15. Bg5 Qb8 16. Kh1 Bf4 17. Bh4 Ng4 18. h3 Nh6 19. g3 Bc7 20. Be7 Re8 21. Bg5 Kh8 22. Bxh6 gxh6 23. Qd2 Rg8 24. Nh2 Qf8 25. Bf3 Rd8 26. Bg2 Nf6 27. Qe2 Qg7 28. Rac1 h5 29. h4 Ng4 30. Nxg4 hxg4 31. Ne3 Bd6 32. Rfe1 Be7 33. Rc4 Rd4 34. Rxd4 cxd4 35. Nc4 Qh6 36. Kg1 Qh5 37. b3 Rg6 38. Rc1 Kg7 39. Qd2 Qc5 40. Qf4 h5 41. Ne5 Qa7 42. Qxf7+ 1-0

[Event "SLO-chT 29th"]
[Site "Slovenia"]
[Date "2019.12.20"]
[Round "7.4"]
[White "Sebenik, Matej"]
[Black "Podkriznik, Gregor"]
[Result "1/2-1/2"]
[WhiteElo "2519"]
[BlackElo "2408"]
[PlyCount "65"]
[EventDate "2019.09.06"]
[EventType "team-tourn"]
[EventRounds "9"]
[EventCountry "SLO"]
[SourceTitle "CBM 195 Extra"]
[Source "ChessBase"]
[SourceDate "2020.05.31"]
[SourceVersion "1"]
[SourceVersionDate "2020.05.31"]
[SourceQuality "1"]
[WhiteTeam "Ljubljana"]
[BlackTeam "Slovenska Bistrica Impol"]
[WhiteTeamCountry "SLO"]
[BlackTeamCountry "SLO"]

1. Nf3 Nf6 2. c4 g6 3. Nc3 Bg7 4. e4 d6 5. d4 0-0 6. Be2 e5 7. 0-0 Nc6 8. d5 Ne7 9. b4 Nh5 10. c5 Nf4 11. a4 f5 12. Bc4 Kh8 13. Ra3 fxe4 14. Nxe4 h6 15. Bxf4 Rxf4 16. Re1 Rf8 17. a5 a6 18. Bf1 Bg4 19. h3 Bc8 20. cxd6 cxd6 21. Nfd2 Bf5 22. Nc4 Bxe4 23. Rxe4 Rc8 24. Nb6 Rc7 25. Rc4 Rxc4 26. Bxc4 Nf5 27. Bd3 Rf7 28. Qg4 Qf6 29. Rc3 Kh7 30. Be4 h5 31. Qd1 Qh4 32. Qb1 Bh6 33. Rf3 1/2-1/2

[Event "SLO-chT 29th"]
[Site "Slovenia"]
[Date "2019.09.07"]
[Round "2.5"]
[White "Podkriznik, Gregor"]
[Black "Gombac, Jan"]
[Result "1/2-1/2"]
[WhiteElo "2408"]
[BlackElo "2246"]
[PlyCount "71"]
[EventDate "2019.09.06"]
[EventType "team-tourn"]
[EventRounds "9"]
[EventCountry "SLO"]
[SourceTitle "CBM 192 Extra"]
[Source "Chessbase"]
[SourceDate "2019.11.06"]
[SourceVersion "1"]
[SourceVersionDate "2019.11.06"]
[SourceQuality "1"]
[WhiteTeam "Slovenska Bistrica Impol"]
[BlackTeam "Krsko Triglav"]
[WhiteTeamCountry "SLO"]
[BlackTeamCountry "SLO"]

1. d4 Nf6 2. Nf3 e6 3. c4 d5 4. g3 Bb4+ 5. Bd2 Bd6 6. Nc3 c6 7. Qc2 dxc4 8. e4 Be7 9. Bxc4 Nbd7 10. e5 Nd5 11. Nxd5 cxd5 12. Bd3 Nb6 13. Rc1 h6 14. 0-0 Bd7 15. Ba5 0-0 16. Qe2 Qe8 17. Rfe1 Nc4 18. Bc3 Bb5 19. b3 Na3 20. Bb2 Bxd3 21. Qxd3 Qd7 22. Re2 Rfc8 23. Bxa3 Bxa3 24. Rcc2 a6 25. Ne1 Bb4 26. Qd1 Bc3 27. Rc1 Rc6 28. Nf3 Rac8 29. Rec2 Bb2 30. Rxc6 Rxc6 31. Rc2 Ba3 32. Ne1 Qc7 33. Rxc6 Qxc6 34. Qc2 Qxc2 35. Nxc2 Be7 36. Kf1 1/2-1/2

[Event "SLO-chT 28th"]
[Site "Slovenia"]
[Date "2018.12.15"]
[Round "8.4"]
[White "Podkriznik, Gregor"]
[Black "Markus, Robert"]
[Result "1/2-1/2"]
[WhiteElo "2385"]
[BlackElo "2610"]
[PlyCount "119"]
[EventDate "2018.11.02"]
[EventType "team-tourn"]
[EventRounds "9"]
[EventCountry "SLO"]
[SourceTitle "CBM 187 Extra"]
[Source "ChessBase"]
[SourceDate "2018.11.04"]
[SourceVersion "1"]
[SourceVersionDate "2018.11.04"]
[SourceQuality "1"]
[WhiteTeam "Slovenska Bistrica Impol"]
[BlackTeam "Ljubljana"]
[WhiteTeamCountry "SLO"]
[BlackTeamCountry "SLO"]

1. d4 Nf6 2. c4 d6 3. Nf3 Nbd7 4. Nc3 e5 5. g3 g6 6. Bg2 Bg7 7. 0-0 0-0 8. e4 c6 9. b3 Qb6 10. Rb1 exd4 11. Nxd4 Nc5 12. Nde2 Rd8 13. Be3 Qc7 14. h3 Qe7 15. Qc2 Re8 16. f3 b6 17. Rbd1 Bb7 18. Bf2 Rac8 19. Rfe1 b5 20. b4 Ncd7 21. cxb5 cxb5 22. Qd2 a6 23. Qxd6 Qxd6 24. Rxd6 Bf8 25. Rd4 Ne5 26. a3 Nc4 27. Nb1 Bd6 28. Nd2 Be5 29. Nxc4 bxc4 30. Rd2 Red8 31. Rxd8+ Rxd8 32. Rc1 Bb2 33. Rxc4 Bxa3 34. Bd4 Ne8 35. Bc3 a5 36. b5 Ra8 37. Ra4 Bc5+ 38. Bd4 Bb4 39. Bc3 Bc5+ 40. Nd4 Nd6 41. Bf1 f5 42. e5 Nc8 43. Rc4 Bb6 44. f4 Bd5 45. Ra4 Bc5 46. Bc4 Nb6 47. Bxd5+ Nxd5 48. Rc4 Bb6 49. Ba1 Rb8 50. Kf2 Kf8 51. Kf3 Bxd4 52. Bxd4 Rxb5 53. Rc8+ Ke7 54. Rh8 h5 55. Rg8 Kf7 56. Ra8 h4 57. Ra7+ Ke8 58. Ra8+ Kf7 59. Ra7+ Ke8 60. Ra8+ 1/2-1/2

[Event "SLO-chT 27th"]
[Site "Slovenia"]
[Date "2017.10.22"]
[Round "6.4"]
[White "Peric, Bernard"]
[Black "Podkriznik, Gregor"]
[Result "1/2-1/2"]
[WhiteElo "2090"]
[BlackElo "2361"]
[PlyCount "61"]
[EventDate "2017.09.29"]
[EventType "team-tourn"]
[EventRounds "9"]
[EventCountry "SLO"]
[SourceTitle "CBM 181 Extra"]
[Source "ChessBase"]
[SourceDate "2017.12.12"]
[SourceVersion "1"]
[SourceVersionDate "2017.12.12"]
[SourceQuality "1"]
[WhiteTeam "Zagorje ob Savi"]
[BlackTeam "Slovenska Bistrica Impol"]
[WhiteTeamCountry "SLO"]
[BlackTeamCountry "SLO"]

1. e4 c5 2. c3 d5 3. exd5 Qxd5 4. d4 Nc6 5. Nf3 Bf5 6. Be3 Nf6 7. Nbd2 cxd4 8. cxd4 e6 9. Bc4 Qd6 10. Qb3 Qb4 11. Bb5 Qxb3 12. axb3 Bb4 13. Ra4 Bxd2+ 14. Kxd2 Be4 15. Rha1 0-0 16. Bxc6 Bxc6 17. Rxa7 Rad8 18. Ne5 Bxg2 19. f3 Nd7 20. Ke2 Nxe5 21. dxe5 Rd5 22. Rg1 Bh3 23. Bh6 Rc8 24. Bxg7 Bf5 25. Bf6+ Bg6 26. Rxb7 h5 27. Ke3 Kh7 28. Rb4 Rd3+ 29. Kf4 Rd2 30. h4 Rxb2 31. Rb7 1/2-1/2

[Event "SLO-chT 27th"]
[Site "Slovenia"]
[Date "2017.10.20"]
[Round "4.3"]
[White "Pavasovic, Dusko"]
[Black "Podkriznik, Gregor"]
[Result "1/2-1/2"]
[WhiteElo "2548"]
[BlackElo "2361"]
[PlyCount "77"]
[EventDate "2017.09.29"]
[EventType "team-tourn"]
[EventRounds "9"]
[EventCountry "SLO"]
[SourceTitle "CBM 181 Extra"]
[Source "ChessBase"]
[SourceDate "2017.12.12"]
[SourceVersion "1"]
[SourceVersionDate "2017.12.12"]
[SourceQuality "1"]
[WhiteTeam "Ljubljana Duol"]
[BlackTeam "Slovenska Bistrica Impol"]
[WhiteTeamCountry "SLO"]
[BlackTeamCountry "SLO"]

1. e4 c5 2. Nf3 d6 3. d4 cxd4 4. Nxd4 Nf6 5. Nc3 g6 6. Be3 Bg7 7. f3 0-0 8. Qd2 Nc6 9. 0-0-0 d5 10. exd5 Nxd5 11. Nxc6 bxc6 12. Bd4 Bxd4 13. Qxd4 Qb6 14. Na4 Qc7 15. h4 Rd8 16. h5 Bf5 17. hxg6 Bxg6 18. Rh4 a5 19. Bd3 Nb4 20. Qc4 Nxd3+ 21. cxd3 Qe5 22. Qf4 Qe6 23. Nc3 c5 24. Qg5 Rd4 25. Re4 Qc6 26. Rxe7 Rad8 27. Rde1 c4 28. dxc4 Rxc4 29. Qe5 Qb6 30. Re8+ Rxe8 31. Qxe8+ Kg7 32. Qe5+ Kg8 33. Qe8+ Kg7 34. Qe5+ Kg8 35. b3 Qf2 36. Qe8+ Kg7 37. Qe5+ Kg8 38. Qe8+ Kg7 39. Qe5+ 1/2-1/2

[Event "SLO-chT 27th"]
[Site "Slovenia"]
[Date "2017.09.29"]
[Round "1.5"]
[White "Podkriznik, Gregor"]
[Black "Markun, Bostjan"]
[Result "1-0"]
[WhiteElo "2361"]
[BlackElo "2294"]
[PlyCount "91"]
[EventDate "2017.09.29"]
[EventType "team-tourn"]
[EventRounds "9"]
[EventCountry "SLO"]
[SourceTitle "EXT 2018"]
[Source "ChessBase"]
[SourceDate "2017.10.13"]
[SourceVersion "1"]
[SourceVersionDate "2017.10.13"]
[SourceQuality "1"]
[WhiteTeam "Slovenska Bistrica Impol"]
[BlackTeam "Prevodi Dvojka"]
[WhiteTeamCountry "SLO"]
[BlackTeamCountry "SLO"]

1. d4 Nf6 2. c4 g6 3. Nc3 Bg7 4. g3 0-0 5. Bg2 c5 6. d5 d6 7. Nf3 Na6 8. 0-0 Nc7 9. a4 Rb8 10. e4 Bg4 11. h3 Bxf3 12. Bxf3 Nd7 13. Be3 a6 14. Be2 e6 15. Qd2 exd5 16. exd5 Re8 17. Kg2 f5 18. Rae1 Nf6 19. f3 Qd7 20. g4 fxg4 21. hxg4 Re7 22. a5 Rbe8 23. Bd1 Rf8 24. Na4 Na8 25. Bf2 Rfe8 26. b4 cxb4 27. Qxb4 Rxe1 28. Rxe1 Rxe1 29. Bxe1 Qe7 30. Bg3 Ne8 31. c5 dxc5 32. Qxc5 Qxc5 33. Nxc5 b6 34. d6 Nxd6 35. Bxd6 bxc5 36. Bb3+ Kh8 37. Bd5 Bc3 38. Bxa8 Bxa5 39. Bb7 h5 40. gxh5 gxh5 41. Bxc5 Bc3 42. Bxa6 Kg7 43. Bb5 Kg6 44. Be8+ Kg5 45. Be7+ Kh6 46. f4 1-0

[Event "SLO-chT"]
[Site "Slovenia"]
[Date "2016.12.10"]
[Round "8.3"]
[White "Blazeka, Matej"]
[Black "Podkriznik, Gregor"]
[Result "1/2-1/2"]
[WhiteElo "2266"]
[BlackElo "2363"]
[PlyCount "25"]
[EventDate "2016.10.14"]
[EventType "team-tourn"]
[EventRounds "9"]
[EventCountry "SLO"]
[SourceTitle "EXT 2018"]
[Source "ChessBase"]
[SourceDate "2017.10.13"]
[SourceVersion "1"]
[SourceVersionDate "2017.10.13"]
[SourceQuality "1"]
[WhiteTeam "Prevodi Dvojka"]
[BlackTeam "Impol Slovenska Bistrica"]
[WhiteTeamCountry "SLO"]
[BlackTeamCountry "SLO"]

1. e4 e5 2. Nf3 Nc6 3. Bb5 a6 4. Ba4 Nf6 5. 0-0 Be7 6. Re1 b5 7. Bb3 d6 8. c3 0-0 9. h3 Re8 10. Ng5 Rf8 11. Nf3 Re8 12. Ng5 Rf8 13. Nf3 1/2-1/2

[Event "SLO-chT 25th"]
[Site "Otocec"]
[Date "2015.11.29"]
[Round "9.8"]
[White "Gostisa, Leon F"]
[Black "Podkriznik, Gregor"]
[Result "1-0"]
[WhiteElo "2396"]
[BlackElo "2345"]
[PlyCount "109"]
[EventDate "2015.10.16"]
[EventType "team-tourn"]
[EventRounds "9"]
[EventCountry "SLO"]
[SourceTitle "EXT 2020"]
[Source "ChessBase"]
[SourceDate "2019.10.17"]
[SourceVersion "1"]
[SourceVersionDate "2019.10.17"]
[SourceQuality "1"]
[WhiteTeam "Vrhnika"]
[BlackTeam "Impol Slovenska Bistrica"]
[WhiteTeamCountry "SLO"]
[BlackTeamCountry "SLO"]

1. d4 g6 2. Nf3 Bg7 3. c4 Nf6 4. Nc3 0-0 5. e4 d6 6. Be2 e5 7. 0-0 Nc6 8. d5 Ne7 9. b4 Nh5 10. c5 Nf4 11. Bxf4 exf4 12. Rc1 h6 13. Nd4 g5 14. Bh5 Kh8 15. Re1 a6 16. a4 Ng8 17. a5 Nf6 18. Be2 Re8 19. Bf1 Ng4 20. c6 Bxd4 21. Qxd4+ Ne5 22. cxb7 Bxb7 23. b5 Qf6 24. Qd2 Rg8 25. bxa6 Bxa6 26. Bxa6 Rxa6 27. Nb5 g4 28. Kh1 Rg5 29. Nd4 Ra7 30. Nf5 Kh7 31. Ra1 f3 32. g3 Rg8 33. Ne3 Rga8 34. Ra4 Ra6 35. Rea1 Qg5 36. Qd4 R8a7 37. Qc3 Qf6 38. Nc2 Qg6 39. Nb4 Qh5 40. h4 gxh3 41. Nxa6 h2 42. Qe1 Rxa6 43. Qf1 Ra7 44. a6 Nd7 45. e5 dxe5 46. Qd3+ f5 47. Rh4 Qg6 48. Qxf3 e4 49. Qa3 Qd6 50. Qe3 Rxa6 51. Rxa6 Qxa6 52. Qf4 Qf6 53. Qxc7 Qe7 54. Qf4 Qf6 55. Rh5 1-0

[Event "SLO-chT 25th"]
[Site "Otocec"]
[Date "2015.11.07"]
[Round "5.20"]
[White "Cvitan, Ognjen"]
[Black "Podkriznik, Gregor"]
[Result "1-0"]
[WhiteElo "2499"]
[BlackElo "2345"]
[PlyCount "131"]
[EventDate "2015.10.16"]
[EventType "team-tourn"]
[EventRounds "9"]
[EventCountry "SLO"]
[SourceTitle "EXT 2020"]
[Source "ChessBase"]
[SourceDate "2019.10.17"]
[SourceVersion "1"]
[SourceVersionDate "2019.10.17"]
[SourceQuality "1"]
[WhiteTeam "Ptuj"]
[BlackTeam "Impol Slovenska Bistrica"]
[WhiteTeamCountry "SLO"]
[BlackTeamCountry "SLO"]

1. c4 g6 2. d4 Nf6 3. Nc3 Bg7 4. e4 d6 5. Nf3 0-0 6. Be2 e5 7. dxe5 dxe5 8. Qxd8 Rxd8 9. Bg5 Re8 10. Nd5 Nxd5 11. cxd5 c6 12. Bc4 b5 13. Bb3 Bb7 14. Rc1 a5 15. a4 bxa4 16. Bxa4 Rc8 17. 0-0 cxd5 18. exd5 f6 19. Be3 Bf8 20. Rfd1 Rxc1 21. Bxc1 Na6 22. d6 Nc5 23. d7 Rd8 24. Bb5 Ba6 25. Bxa6 Nxa6 26. Nxe5 Nb8 27. Nc4 Bb4 28. Nb6 Bc5 29. Be3 Bxe3 30. fxe3 Kf7 31. Rd5 Nc6 32. Rc5 Ne5 33. Rxa5 Ke7 34. Rc5 Rb8 35. Rc8 Nxd7 36. Rxb8 Nxb8 37. Nd5+ Ke6 38. Nc3 Nd7 39. Kf2 Kd6 40. Ke2 Kc5 41. Ne4+ Kd5 42. Nd2 Nc5 43. h3 Na4 44. b4 Nb6 45. Kd3 Nd7 46. Nf3 Kc6 47. Nd4+ Kd5 48. e4+ Kd6 49. Nf3 Kc6 50. Kc4 Nb6+ 51. Kb3 Kd6 52. Nd2 Kc6 53. Nc4 Nd7 54. Ka4 h5 55. Ka5 g5 56. Ka4 Nb8 57. Kb3 Nd7 58. Kc3 Kb5 59. Nd6+ Kc6 60. Ne8 Kb5 61. g3 h4 62. gxh4 gxh4 63. Nd6+ Kc6 64. Nf5 Ne5 65. Nxh4 Nf7 66. Nf3 1-0

[Event "SLO-chT 25th"]
[Site "Otocec"]
[Date "2015.10.17"]
[Round "2.2"]
[White "Kastelic, Marian"]
[Black "Podkriznik, Gregor"]
[Result "1-0"]
[WhiteElo "2300"]
[BlackElo "2345"]
[PlyCount "80"]
[EventDate "2015.10.16"]
[EventType "team-tourn"]
[EventRounds "9"]
[EventCountry "SLO"]
[SourceTitle "EXT 2020"]
[Source "ChessBase"]
[SourceDate "2019.10.17"]
[SourceVersion "1"]
[SourceVersionDate "2019.10.17"]
[SourceQuality "1"]
[WhiteTeam "Maribor Branik"]
[BlackTeam "Impol Slovenska Bistrica"]
[WhiteTeamCountry "SLO"]
[BlackTeamCountry "SLO"]

1. d4 Nf6 2. c4 g6 3. Nc3 Bg7 4. e4 d6 5. Bg5 h6 6. Bd2 0-0 7. Nf3 e5 8. d5 a5 9. h3 Na6 10. Bd3 Nc5 11. Bc2 c6 12. Be3 cxd5 13. Bxc5 dxe4 14. Bxd6 exf3 15. Bxf8 fxg2 16. Rg1 Qxf8 17. Qf3 e4 18. Qxg2 Qb4 19. 0-0-0 Be6 20. Qg3 Qxc4 21. Bb3 Qc8 22. Bxe6 Qxe6 23. Qc7 Qxh3 24. Qxb7 Re8 25. Qb5 Qf3 26. Rd2 e3 27. Re2 Rc8 28. Rxe3 Qxf2 29. Rge1 h5 30. Kb1 Ra8 31. Re7 Qf3 32. Rf1 Qg2 33. a4 Rc8 34. Rxf7 Qxf1+ 35. Qxf1 Kxf7 36. Ne4 Rc6 37. Ng5+ Kg8 38. Qb5 Rc8 39. Qd3 Kh8 40. Qxg6 Kg8 1-0

[Event "Maribor Pirc Memorial op 19th"]
[Site "Maribor"]
[Date "2015.06.30"]
[Round "7"]
[White "Vidic, Teja"]
[Black "Podkriznik, Gregor"]
[Result "1/2-1/2"]
[WhiteElo "2068"]
[BlackElo "2358"]
[PlyCount "50"]
[EventDate "2015.06.25"]
[EventType "swiss"]
[EventRounds "9"]
[EventCountry "SLO"]
[SourceTitle "CBM 167 Extra"]
[Source "ChessBase"]
[SourceDate "2015.09.14"]
[SourceVersion "1"]
[SourceVersionDate "2015.09.14"]
[SourceQuality "1"]

1. e4 g6 2. d4 Bg7 3. Nc3 c6 4. Nf3 d6 5. Be3 Nf6 6. h3 0-0 7. Bd3 Qc7 8. 0-0 Nbd7 9. a4 b6 10. Qd2 Re8 11. Rfe1 e5 12. dxe5 Nxe5 13. Nxe5 dxe5 14. Bc4 Be6 15. Bxe6 Rxe6 16. Rad1 Bf8 17. Bg5 Rd6 18. Qe2 Rad8 19. Rxd6 Rxd6 20. Rd1 Nd7 21. Be3 Rxd1+ 22. Qxd1 Nc5 23. Qe2 Qd7 24. Qc4 Ne6 25. b3 Bc5 1/2-1/2

[Event "Maribor Pirc Memorial op 19th"]
[Site "Maribor"]
[Date "2015.06.28"]
[Round "5"]
[White "Podkriznik, Gregor"]
[Black "Akesson, Ralf"]
[Result "1/2-1/2"]
[WhiteElo "2358"]
[BlackElo "2428"]
[PlyCount "50"]
[EventDate "2015.06.25"]
[EventType "swiss"]
[EventRounds "9"]
[EventCountry "SLO"]
[SourceTitle "CBM 167 Extra"]
[Source "ChessBase"]
[SourceDate "2015.09.14"]
[SourceVersion "1"]
[SourceVersionDate "2015.09.14"]
[SourceQuality "1"]

1. d4 Nf6 2. c4 g6 3. Nc3 d5 4. cxd5 Nxd5 5. e4 Nxc3 6. bxc3 Bg7 7. Be3 c5 8. Qd2 Qa5 9. Rc1 cxd4 10. cxd4 Qxd2+ 11. Kxd2 0-0 12. Bd3 e6 13. Ne2 Nc6 14. Rc4 Bd7 15. Rb1 Rfd8 16. Bg5 f6 17. Be3 Rab8 18. Nc3 b6 19. Nb5 Bf8 20. Ke2 Rb7 21. Rcc1 Kf7 22. Bc4 Na5 23. Bd3 Nc6 24. Bc4 Na5 25. Bd3 Nc6 1/2-1/2

[Event "Maribor Pirc Memorial op 19th"]
[Site "Maribor"]
[Date "2015.06.26"]
[Round "2"]
[White "Amon, Nejc"]
[Black "Podkriznik, Gregor"]
[Result "0-1"]
[WhiteElo "2027"]
[BlackElo "2358"]
[PlyCount "64"]
[EventDate "2015.06.25"]
[EventType "swiss"]
[EventRounds "9"]
[EventCountry "SLO"]
[SourceTitle "CBM 167 Extra"]
[Source "ChessBase"]
[SourceDate "2015.09.14"]
[SourceVersion "1"]
[SourceVersionDate "2015.09.14"]
[SourceQuality "1"]

1. e4 c5 2. Nf3 e6 3. d4 cxd4 4. Nxd4 a6 5. Bd3 Bc5 6. Nb3 Be7 7. Be3 d6 8. f4 Nd7 9. 0-0 Ngf6 10. Nc3 Qc7 11. Qe2 b6 12. Rae1 Bb7 13. h3 0-0 14. Qf2 b5 15. a3 Rac8 16. Qg3 d5 17. Bd4 dxe4 18. Nxe4 g6 19. Ng5 Nh5 20. Qe3 Bf6 21. Rf2 Bd5 22. g4 Ng7 23. Bxf6 Nxf6 24. f5 exf5 25. Qd4 Qg3+ 26. Kf1 Bxb3 27. cxb3 Ne6 28. Nxe6 fxe6 29. Re3 Qg1+ 30. Ke2 Rc1 31. Kf3 fxg4+ 32. hxg4 Nxg4+ 0-1

[Event "SLO-CupT"]
[Site "Radenci"]
[Date "2014.05.03"]
[Round "4"]
[White "Urbanc, Peter"]
[Black "Podkriznik, Gregor"]
[Result "1-0"]
[WhiteElo "2103"]
[BlackElo "2353"]
[PlyCount "79"]
[EventDate "2014.05.02"]
[EventType "team-tourn"]
[EventRounds "7"]
[EventCountry "SLO"]
[SourceTitle "EXT 2019"]
[Source "ChessBase"]
[SourceDate "2018.10.10"]
[SourceVersion "1"]
[SourceVersionDate "2018.10.10"]
[SourceQuality "1"]
[WhiteTeam "Krsko Triglav"]
[BlackTeam "Slovenska Bistrica Impol"]
[WhiteTeamCountry "SLO"]
[BlackTeamCountry "SLO"]

1. c4 g6 2. d4 Nf6 3. Nc3 Bg7 4. e4 d6 5. h3 0-0 6. Be3 e5 7. d5 a5 8. g4 Na6 9. Nge2 c6 10. Ng3 cxd5 11. cxd5 Bd7 12. Nb5 Qe7 13. Qd2 a4 14. g5 Ne8 15. Rc1 f5 16. gxf6 Bxf6 17. Be2 Bh4 18. Rc3 Nf6 19. Bg5 Bxg5 20. Qxg5 Nc5 21. h4 Bxb5 22. Bxb5 Qg7 23. f3 Kh8 24. h5 Nxh5 25. Nxh5 gxh5 26. Qxg7+ Kxg7 27. Rxh5 Rf6 28. Rxc5 dxc5 29. Rxe5 Rxf3 30. d6 Rd8 31. Re7+ Rf7 32. e5 Kf8 33. Re6 Rg7 34. Kf2 Rg6 35. Rxg6 hxg6 36. Ke3 a3 37. bxa3 Kf7 38. Bc4+ Ke8 39. Ke4 Kd7 40. Kd5 1-0